000 00481nam a22001577a 4500
082 _aBEE-4 SHA
100 _aMuhammad Salman Shahid
_992257
245 _aSelf-sufficient surveillance system
260 _aIslamabad
_bNUST-SEECS
_c2016
300 _a56p.
_b27cm.
_eSoft copy Available
500 _aOnly Softcopy available
700 _aMuhammad Usman Ashraf
_992258
700 _aAli Khan
_948563
856 _uhttp://10.250.8.41:8080/xmlui/handle/123456789/9688
942 _cPR
_2ddc
999 _c13610
_d13610